<?xml version="1.0" encoding="UTF-8"?><?xml-stylesheet type="text/xsl" href="static/style.xsl"?><OAI-PMH xmlns="http://www.openarchives.org/OAI/2.0/" xmlns:xsi="http://www.w3.org/2001/XMLSchema-instance" xsi:schemaLocation="http://www.openarchives.org/OAI/2.0/ http://www.openarchives.org/OAI/2.0/OAI-PMH.xsd"><responseDate>2026-04-13T14:00:10Z</responseDate><request verb="GetRecord" identifier="oai:www.recercat.cat:2099.1/11165" metadataPrefix="marc">https://recercat.cat/oai/request</request><GetRecord><record><header><identifier>oai:recercat.cat:2099.1/11165</identifier><datestamp>2025-07-17T15:47:48Z</datestamp><setSpec>com_2072_1033</setSpec><setSpec>col_2072_452951</setSpec></header><metadata><record xmlns="http://www.loc.gov/MARC21/slim" xmlns:dcterms="http://purl.org/dc/terms/" xmlns:xsi="http://www.w3.org/2001/XMLSchema-instance" xmlns:doc="http://www.lyncode.com/xoai" xsi:schemaLocation="http://www.loc.gov/MARC21/slim http://www.loc.gov/standards/marcxml/schema/MARC21slim.xsd">
   <leader>00925njm 22002777a 4500</leader>
   <datafield ind2=" " ind1=" " tag="042">
      <subfield code="a">dc</subfield>
   </datafield>
   <datafield ind2=" " ind1=" " tag="720">
      <subfield code="a">Ruiz Carmona, Lara</subfield>
      <subfield code="e">author</subfield>
   </datafield>
   <datafield ind2=" " ind1=" " tag="260">
      <subfield code="c">2010</subfield>
   </datafield>
   <datafield ind2=" " ind1=" " tag="520">
      <subfield code="a">Aquest projecte tracta, per una banda, en el mètode d’enregistrament d’una de les cançons creades per un grup de música, d’estil pop rock; i per l’altra, en el procés de pre-producció, producció i postproducció del videoclip d’aquesta cançó. &#xd;
La primera part inclou informació bàsica de la peça musical, el mètode d’enregistrament i els aparells i software que s’han utilitzat per fer-ho. En la segona part hi ha la documentació necessària per a poder iniciar la producció d’un videoclip: guió tècnic, guió literari,(permisos de gravació si són necessaris) i pla de rodatge. També es fa menció al codi del videoclip i la relació de ritme i motiu de llurs imatges amb la música. Finalment, hi ha els costos que comporta la creació i el manteniment d’una empresa dedicada a la producció de projectes d’aquest estil, tenint en compte la metodologia emprada en aquest projecte: de bona qualitat i, a la llarga, econòmica.</subfield>
   </datafield>
   <datafield tag="653" ind2=" " ind1=" ">
      <subfield code="a">Àrees temàtiques de la UPC::So, imatge i multimèdia::Creació multimèdia::Producció audiovisual</subfield>
   </datafield>
   <datafield tag="653" ind2=" " ind1=" ">
      <subfield code="a">Àrees temàtiques de la UPC::So, imatge i multimèdia::Dispositius de so, imatge i multimèdia</subfield>
   </datafield>
   <datafield tag="653" ind2=" " ind1=" ">
      <subfield code="a">Music videos</subfield>
   </datafield>
   <datafield tag="653" ind2=" " ind1=" ">
      <subfield code="a">Sound - Recording and reproducing</subfield>
   </datafield>
   <datafield tag="653" ind2=" " ind1=" ">
      <subfield code="a">Videoclips</subfield>
   </datafield>
   <datafield tag="653" ind2=" " ind1=" ">
      <subfield code="a">So--Enregistrament i reproducció</subfield>
   </datafield>
   <datafield ind2="0" ind1="0" tag="245">
      <subfield code="a">Enregistrament i masterització d'una cançó i el seu videoclip</subfield>
   </datafield>
</record></metadata></record></GetRecord></OAI-PMH>